00925cam a2200265 a 450000100090000000300040000900500170001300800410003001000170007102000150008802000150010304000180011804200100013604300120014605000220015808200160018024501070019624600420030326000810034530000490042650400410047565000470051665000300056371000660059313981073OSt20230704105814.0050525s2004 ke a b 000 0 eng  a 2005328394 a9966958266 a9966958851 aDLCcDLCdDLC alcode af-ke---00aKSK517b.I58 2004 a341.48bICJ00aInternational human rights standards :breporting obligations : Convention on the Rights of the Child.30aConvention on the Rights of the Child aNairobi :bKenyan Section of the International Commission of Jurists,c2004. aiii, 264 p. :bill. (chiefly col.) ;c26 cm. aIncludes bibliographical references. 0aChildrenxLegal status, laws, etc.zKenya. 0aChildren's rightszKenya.2 aInternational Commission of Jurists (1952- ).bKenya Section.